书目信息 |
| 题名: |
中华人民共和国条约集
|
|
| 作者: | 中华人民共和国外交部 编 ;本书编委会 著 | |
| 分册: | 第48集 | |
| 出版信息: | 北京 世界知识出版社 2003.2 |
|
| 页数: | 544页 | |
| 开本: | 20cm | |
| 丛书名: | ||
| 单 册: | ||
| 中图分类: | D826 | |
| 科图分类: | ||
| 主题词: | 外交--中国 | |
| 电子资源: | ||
| ISBN: | 7-5012-1979-6 | |
| 000 | 00891 nam 000253 | |
| 001 | 0100006233 | |
| 005 | 20091117161619.64 | |
| 010 | @a7-5012-1979-6@dCNY160.00 | |
| 100 | @a20090704d2003 em y0chiy0121 ea | |
| 101 | @achi | |
| 102 | @aCN@b110000 | |
| 105 | @ay z 000yy | |
| 106 | @ar | |
| 200 | 10 | @a中华人民共和国条约集@Azhong hua ren min gong he guo tiao yue ji@9zhong hua ren min gong he guo tiao yue ji . di 48 ji@h第48集@f中华人民共和国外交部编@Fzhong hua ren min gong he guo wai jiao bu bian |
| 210 | @a北京@c世界知识出版社@d2003.2 | |
| 215 | @a544页@d20cm | |
| 540 | @a中华人民共和国条约集.第48集,2001 | |
| 606 | @a外交@x中国 | |
| 690 | @aD826@v4 | |
| 701 | 0 | @a中华人民共和国外交部@Azhong hua ren min gong he guo wai jiao bu@4编 |
| 711 | 0 | @a本书编委会@9ben shu bian wei hui@4著 |
| 801 | @aCN@bCQULIB@c20091117 | |
| 901 | @a222222 | |
| 905 | @b906310@dD826@eW019@f1 | |
| 中华人民共和国条约集.第48集/中华人民共和国外交部编.-北京:世界知识出版社,2003.2 |
| 544页;20cm |
| ISBN 7-5012-1979-6:CNY160.00 |
| ● |
| 相关链接 |
|
|
|
正题名:中华人民共和国条约集
索取号:D826/W019
 
预约/预借
| 序号 | 登录号 | 条形码 | 馆藏地/架位号 | 状态 | 备注 |
| 1 | 906310 | 209063109 | 社科库509/509社科库 79排3列6层/ [索取号:D826/W019] | 在馆 |